00612nam a22001817a 450000500170000001000150001702000260003203500140005803700090007208200140008110000240009524501030011926000480022227000890027030000260035970000220038570000230040720220221170910.0 aENG-131720 a9788195267972c999.00 aEN-115252 bDBAD a519.50285 aReddy, D. Ranadheer aComputer Oriented Statistical Methods/cD. Ranadheer Reddy, K. Upender Reddy and C. Vamshi Krishna aHyderabadbS International Publishersc2021 a# 326/C, III Floor, Surneni Nilayam Near B K Guda Park, S R NagarbHyderabade500038 axvi, 512p.c24cm(pbk) aReddy, K. Upender aKrishna, C. Vamshi